【Yahoo!乗換案内】検索された目的地ランキング -2025- - Statistics

General Stats
  • This quiz has been taken 71 times
  • The average score is 16 of 70
Answer Stats
順位(去年) 目的地 都道府県 % Correct
1位 (1位) 東京ドーム 東京都
70%
9位 (3位) 東京スカイツリー 東京都
69%
1位 (2位) 大和ハウス プレミストドーム 北海道
55%
2位 (ランク外) 東京ディズニーシー 千葉県
54%
1位 (1位) 京セラドーム大阪 大阪府
51%
2位 (2位) 出雲大社 島根県
49%
4位 (1位) エスコンフィールドHOKKAIDO 北海道
49%
1位 (2位) バンテリンドーム ナゴヤ 愛知県
48%
10位 (7位) 阪神甲子園球場 兵庫県
48%
4位 (5位) 鳥取砂丘 鳥取県
48%
3位 (5位) さいたまスーパーアリーナ 埼玉県
46%
6位 (7位) 幕張メッセ 千葉県
45%
2位 (1位) 伊勢神宮 三重県
45%
2位 (2位) ユニバーサル・スタジオ・ジャパン 大阪府
43%
1位 (1位) 厳島神社 広島県
43%
9位 (6位) 沖縄美ら海水族館 沖縄県
43%
1位 (2位) みずほPayPayドーム福岡 福岡県
43%
8位 (4位) 東尋坊 福井県
42%
6位 (9位) 兼六園 石川県
40%
4位 (ランク外) 夢洲 大阪府
40%
8位 (ランク外) ナガシマスパーランド 三重県
39%
9位 (6位) 旭川市旭山動物園 北海道
37%
10位 (7位) 善光寺 長野県
34%
6位 (7位) 楽天モバイルパーク宮城 (宮城球場) 宮城県
30%
1位 (1位) 福井県立恐竜博物館 福井県
30%
9位 (6位) 錦帯橋 山口県
28%
2位 (1位) 太宰府天満宮 福岡県
24%
5位 (ランク外) 2025年日本国際博覧会 (大阪・関西万博) 大阪府
24%
4位 (2位) 東京ビッグサイト 東京都
22%
3位 (3位) 大阪城ホール 大阪府
22%
8位 (9位) 横浜アリーナ 神奈川県
21%
9位 (ランク外) 金沢21世紀美術館 石川県
21%
5位 (ランク外) ひがし茶屋街 石川県
18%
7位 (3位) 大塚国際美術館 徳島県
18%
7位 (5位) 銀山温泉 山形県
16%
4位 (5位) ジブリパーク 愛知県
16%
6位 (7位) 名古屋港水族館 愛知県
16%
3位 (2位) 朱鷺メッセ 新潟県
15%
6位 (5位) 福岡タワー 福岡県
15%
10位 (ランク外) Kアリーナ横浜 神奈川県
15%
7位 (ランク外) 近江町市場 石川県
12%
5位 (3位) 名古屋市国際展示場 (ポートメッセなごや) 愛知県
12%
3位 (3位) マリンメッセ福岡 福岡県
12%
5位 (4位) 有明アリーナ 東京都
10%
6位 (4位) インテックス大阪 大阪府
10%
7位 (8位) エコパアリーナ 静岡県
9%
3位 (7位) 広島県立総合体育館 (広島グリーンアリーナ) 広島県
9%
5位 (8位) 唐戸市場 山口県
9%
3位 (4位) Aichi Sky Expo (愛知国際展示場) 愛知県
9%
3位 (ランク外) 白い恋人パーク 北海道
7%
5位 (4位) 真駒内セキスイハイムアイスアリーナ 北海道
7%
2位 (6位) 上高地 長野県
7%
8位 (ランク外) 三井ショッピングパーク ららぽーと福岡 福岡県
7%
2位 (3位) セキスイハイムスーパーアリーナ 宮城県
6%
10位 (ランク外) おかげ横丁 三重県
6%
5位 (9位) マリンワールド海の中道 福岡県
6%
10位 (ランク外) 北海道立総合体育センター 北海きたえーる 北海道
4%
4位 (3位) サンドーム福井 福井県
4%
7位 (8位) 東京ガーデンシアター 東京都
3%
7位 (ランク外) ワールド記念ホール 兵庫県
3%
4位 (ランク外) キャナルシティ博多 福岡県
3%
7位 (ランク外) アメリカンビレッジ 沖縄県
3%
9位 (ランク外) 愛知県警察運転免許試験場 愛知県
1%
8位 (5位) 京都市京セラ美術館 京都府
1%
9位 (ランク外) 関西学院大学 西宮上ケ原キャンパス 兵庫県
1%
8位 (10位) 広島大学病院 広島県
1%
10位 (ランク外) 広島大学 広島県
1%
10位 (ランク外) 福岡国際会議場 福岡県
1%
8位 (ランク外) 北海道ボールパークFビレッジ 北海道
1%
6位 (ランク外) 広島文化学園HBGホール 広島県
1%
No matching quizzes found
Score Distribution
Percent of People with Each Score
Percentile by Number Answered
Your Score History
You have not taken this quiz